000 00452nam a2200181Ia 4500
001 9155
005 20260306160702.0
008 260306t2018||||xx |||||||||||||| ||spa||
041 _aESP
082 _a373.2
_bM26
100 _aMartín, Elena
_eAUT
245 0 _aOrientación educativa:
_bmodelos y estrategias de intervención
260 _c2018
300 _a201 páginas :
_c24 cm.
650 _aGEN
654 _aCED
942 _cLIB
_dJUS
_fJUS
_2ddc
_n
999 _c9155
_d9155